000 00292nam a22001217a 4500
008 180919b xxu||||| |||| 00| 0 eng d
041 _aeng
080 _a316+
100 _a50
101 _aSOC
245 _aTherapeutic Work With Sexually Abused Children
_cRandall.E
942 _2udc
_cBK
999 _c47985
_d47985